Ontología : IV. Filosofía de la naturaleza. Teoría especial de las categorías. Categorías Dimensionales. Categorías Cosmologicas /
Guardado en:
| Autor Principal: | |
|---|---|
| Formato: | Libro |
| Idioma: | Spanish |
| Publicado: |
México :
Fondo de Cultura Económica,
1960
|
| Edición: | 1º ed. |
| Etiquetas: |
Agregar Etiqueta
Sin Etiquetas, Sea el primero en etiquetar este registro!
|
| LEADER | 00507nam a22001335a 4500 | ||
|---|---|---|---|
| 001 | DER.der013255 | ||
| 005 | 20170315000000.0 | ||
| 008 | 180615s1960####||||||||||||||||||||spa|| | ||
| 100 | 1 | |a Hartmann, Nicolai | |
| 245 | 1 | 0 | |a Ontología : |b IV. Filosofía de la naturaleza. Teoría especial de las categorías. Categorías Dimensionales. Categorías Cosmologicas / |c Nicolai Hartmann |
| 250 | |a 1º ed. | ||
| 260 | |a México : |b Fondo de Cultura Económica, |c 1960 | ||
| 300 | 0 | |a 578 p. | |
| 859 | |a DERECHO |b BIB. DERECHO |h 340.1 |i HAR |p 008185 | ||
